[Event "4NCL Division 3 North"]
[Site "Bolton, ENG"]
[Date "2018.11.10"]
[Round "1.26"]
[White "Lee, Michael A"]
[Black "Johnson, Paul A"]
[Result "0-1"]
[WhiteElo "1464"]
[BlackElo "1832"]
[PlyCount "88"]
[EventDate "2018.11.10"]
[WhiteTeam "Holmes Chapel"]
[BlackTeam "Bradford DCA Knights B"]

1. e4 c5 2. Nf3 d6 3. d3 g6 4. g3 Nf6 5. Bg2 Nc6 6. O-O Bg7 7. Nbd2 O-O 8. Re1
Qc7 9. Nf1 e5 10. h4 Bd7 11. N1h2 Rfe8 12. Bd2 h6 13. Kh1 Kh7 14. c3 Rad8 15.
Ng1 Qc8 16. f3 Nh5 17. Nf1 f5 18. exf5 gxf5 19. f4 Nf6 20. Qc2 Re7 21. Re2 Ng4
22. Rae1 Rde8 23. Nh3 Be6 24. Ne3 Nxe3 25. Rxe3 Kh8 26. Kh2 Bf7 27. Bf3 d5 28.
fxe5 Nxe5 29. Bd1 d4 30. cxd4 cxd4 31. Qxc8 Rxc8 32. Rxe5 Rxe5 33. Rxe5 Bxe5
34. Bxh6 Bxa2 35. Bf4 Bxf4 36. Nxf4 Rc1 37. Ba4 Kg7 38. Ne2 Rb1 39. Kh3 Bd5 40.
g4 Rxb2 41. Nxd4 fxg4+ 42. Kg3 Rb4 43. Nf5+ Kf6 44. Bd7 Rb3 0-1

[Event "4NCL Division 3 North"]
[Site "Bolton, ENG"]
[Date "2018.11.10"]
[Round "1.31"]
[White "Carpenter, Martin"]
[Black "Acey, Gerald"]
[Result "1/2-1/2"]
[WhiteElo "2009"]
[BlackElo "2133"]
[PlyCount "67"]
[EventDate "2018.11.10"]
[WhiteTeam "Jorvik"]
[BlackTeam "Cheddleton 2"]

1. e4 e5 2. Nf3 Nc6 3. Bb5 a6 4. Ba4 Nf6 5. O-O Be7 6. Re1 b5 7. Bb3 d6 8. c3
O-O 9. h3 Na5 10. Bc2 c5 11. d4 Qc7 12. Nbd2 Nc6 13. d5 Nd8 14. a4 Rb8 15. axb5
axb5 16. b3 Bd7 17. Nf1 Ne8 18. Ng3 g6 19. Qe2 Ng7 20. Bd2 f6 21. Ra2 Nf7 22.
Rea1 Rfc8 23. Bd3 Rb7 24. Ra5 c4 25. bxc4 bxc4 26. Bc2 Qb8 27. Bc1 Bd8 28. R5a2
Bb6 29. Nd2 Qc7 30. Ba4 Bxa4 31. Rxa4 Ra7 32. Nxc4 Rxa4 33. Rxa4 Bc5 34. Be3
1/2-1/2

[Event "4NCL Division 3 North"]
[Site "Bolton, ENG"]
[Date "2018.11.10"]
[Round "1.32"]
[White "Boswell, Jacob Connor"]
[Black "Hodge, Steve R"]
[Result "0-1"]
[WhiteElo "2035"]
[BlackElo "1984"]
[PlyCount "64"]
[EventDate "2018.11.10"]
[WhiteTeam "Cheddleton 2"]
[BlackTeam "Jorvik"]

1. e4 c5 2. Nf3 Nc6 3. d4 cxd4 4. Nxd4 Nf6 5. Nc3 e5 6. Ndb5 d6 7. Bg5 a6 8.
Na3 b5 9. Nd5 Be7 10. Bxf6 Bxf6 11. Be2 O-O 12. O-O Bg5 13. f3 Ne7 14. c4 b4
15. Nc2 a5 16. Kh1 Nxd5 17. Qxd5 Be6 18. Qd3 Qb6 19. b3 f5 20. a3 fxe4 21. Qxe4
d5 22. Qxe5 Bf6 23. c5 Bxe5 24. cxb6 Bxa1 25. Rxa1 Rab8 26. axb4 axb4 27. Ra6
Rfc8 28. Ne3 Rc1+ 29. Nf1 Bc8 30. Ra5 Rxb6 31. Rxd5 Ba6 32. Bc4 Bxc4 0-1

[Event "4NCL Division 3 North"]
[Site "Bolton, ENG"]
[Date "2018.11.10"]
[Round "1.33"]
[White "White, Mark W"]
[Black "Floresc, Petru"]
[Result "1-0"]
[WhiteElo "2011"]
[BlackElo "2080"]
[PlyCount "37"]
[EventDate "2018.11.10"]
[WhiteTeam "Jorvik"]
[BlackTeam "Cheddleton 2"]

1. e4 c5 2. Nf3 g6 3. d4 cxd4 4. Nxd4 Bg7 5. Nc3 Nc6 6. Be3 d6 7. Bc4 Nf6 8. f3
O-O 9. Bb3 Bd7 10. Qd2 Qa5 11. O-O-O Rfc8 12. h4 Ne5 13. h5 Nc4 14. Bxc4 Rxc4
15. hxg6 hxg6 16. Nb3 Qc7 17. Bh6 Bh8 18. Bg5 Rc8 19. Rxh8+ 1-0

[Event "4NCL Division 3 North"]
[Site "Bolton, ENG"]
[Date "2018.11.10"]
[Round "1.34"]
[White "Edwards, Simon R"]
[Black "Cowan, Richard M"]
[Result "1-0"]
[WhiteElo "1925"]
[BlackElo "1894"]
[PlyCount "87"]
[EventDate "2018.11.10"]
[WhiteTeam "Cheddleton 2"]
[BlackTeam "Jorvik"]

1. c4 Nf6 2. g3 g6 3. Bg2 Bg7 4. Nf3 O-O 5. O-O d6 6. Nc3 Nbd7 7. d3 c6 8. Bd2
Re8 9. b4 a6 10. Rb1 e5 11. Ne1 Nf8 12. a4 Ne6 13. Nc2 Rb8 14. b5 axb5 15. axb5
Bd7 16. e3 Qc7 17. Nb4 Ng5 18. Qc2 Bh3 19. e4 Bxg2 20. Kxg2 Qd7 21. Bxg5 Nh5
22. f3 f5 23. Qd2 f4 24. g4 h6 25. Bh4 g5 26. Bf2 Nf6 27. bxc6 bxc6 28. Qe2 Bf8
29. Nc2 Ra8 30. Ra1 Rac8 31. Ra7 Qe6 32. Rb1 Re7 33. Rxe7 Bxe7 34. d4 Rf8 35.
Kh1 Nxg4 36. fxg4 f3 37. Qe3 Qxg4 38. Rg1 Qh3 39. d5 c5 40. Nb5 g4 41. Qe1 Bg5
42. Ne3 Rf4 43. Nxd6 Qh5 44. Nef5 1-0

[Event "4NCL Division 3 North"]
[Site "Bolton, ENG"]
[Date "2018.11.10"]
[Round "1.35"]
[White "Anderson, Paul W"]
[Black "Davison, Colin F S"]
[Result "1-0"]
[WhiteElo "1772"]
[BlackElo "1869"]
[PlyCount "111"]
[EventDate "2018.11.10"]
[WhiteTeam "Jorvik"]
[BlackTeam "Cheddleton 2"]

1. c4 f5 2. Nf3 Nf6 3. Nc3 e6 4. a3 a5 5. g3 c6 6. d4 d5 7. c5 Nbd7 8. Ng5 Qe7
9. Qa4 e5 10. Be3 exd4 11. Bxd4 Nxc5 12. Bxc5 Qxc5 13. e3 Be7 14. Rc1 O-O 15.
Ne2 Qd6 16. Bg2 Nd7 17. Nf3 Ne5 18. O-O Nc4 19. Qc2 Bf6 20. Nfd4 g6 21. Rfd1
Qe7 22. Nc3 Re8 23. Nxd5 cxd5 24. Bxd5+ Kh8 25. Qxc4 Ra6 26. Bg2 Rb6 27. Rd2
Rd6 28. Rcd1 Rdd8 29. b4 axb4 30. axb4 Rd7 31. h4 Rc7 32. Qb3 Bd7 33. b5 Rec8
34. b6 Rc3 35. Qa2 Ra3 36. Qb1 Ba4 37. Rc1 Rac3 38. Rxc3 Rxc3 39. Rd3 Rc5 40.
Qa2 Rc1+ 41. Kh2 Be8 42. h5 Bf7 43. Qa8+ Kg7 44. Bxb7 Be5 45. Nf3 Rc2 46. Rd2
Bxg3+ 47. Kxg3 Rxd2 48. Nxd2 Qd6+ 49. Kg2 Qxb6 50. h6+ Kf6 51. Nf3 g5 52. Qa1+
Ke7 53. Qa3+ Kf6 54. Qc3+ Ke7 55. Qe5+ Be6 56. Bd5 1-0

[Event "4NCL Division 3 North"]
[Site "Bolton, ENG"]
[Date "2018.11.10"]
[Round "1.41"]
[White "Bramson, Mike"]
[Black "Clarke, Stuart W"]
[Result "0-1"]
[WhiteElo "1805"]
[BlackElo "2213"]
[PlyCount "74"]
[EventDate "2018.11.10"]
[WhiteTeam "Bradford DCA Knights C"]
[BlackTeam "3Cs 2"]

1. e4 e6 2. d4 d5 3. Nd2 Nf6 4. e5 Nfd7 5. Ngf3 c5 6. c3 Nc6 7. Bd3 g6 8. O-O
Bg7 9. Re1 Qb6 10. dxc5 Qc7 11. c4 Ndxe5 12. Nxe5 Nxe5 13. Nf3 O-O 14. Rb1
Nxf3+ 15. Qxf3 dxc4 16. Bxc4 Qxc5 17. Bb3 Qa5 18. Re2 Qa6 19. Rc2 Bd7 20. Bc4
b5 21. Bb3 Rac8 22. Rxc8 Rxc8 23. Be3 Bc6 24. Qe2 Qb7 25. Rc1 a5 26. h4 a4 27.
Bd1 Rd8 28. f3 Bd5 29. b3 axb3 30. Bxb3 Bxb3 31. axb3 b4 32. Rc5 Bc3 33. h5 Rd5
34. Qc4 gxh5 35. Rc7 Rd1+ 36. Kf2 Qd5 37. Qf4 Be1+ 0-1

[Event "4NCL Division 3 North"]
[Site "Bolton, ENG"]
[Date "2018.11.10"]
[Round "1.42"]
[White "Lea, Daniel J"]
[Black "Winter, Kevin"]
[Result "1/2-1/2"]
[WhiteElo "2065"]
[BlackElo "1744"]
[PlyCount "34"]
[EventDate "2018.11.10"]
[WhiteTeam "3Cs 2"]
[BlackTeam "Bradford DCA Knights C"]

1. d4 Nf6 2. c4 g6 3. Nc3 Bg7 4. e4 d6 5. Nf3 O-O 6. Be2 e5 7. Be3 Ng4 8. Bg5
f6 9. Bc1 f5 10. Bg5 Qe8 11. dxe5 Nxe5 12. O-O Nbc6 13. Nd5 Rf7 14. exf5 Bxf5
15. Rc1 Qf8 16. Qd2 h6 17. Nxe5 Nxe5 1/2-1/2

[Event "4NCL Division 3 North"]
[Site "Bolton, ENG"]
[Date "2018.11.10"]
[Round "1.43"]
[White "Mahoney, Nicholas"]
[Black "Ye, Kevin"]
[Result "1/2-1/2"]
[WhiteElo "1705"]
[BlackElo "1945"]
[PlyCount "86"]
[EventDate "2018.11.10"]
[WhiteTeam "Bradford DCA Knights C"]
[BlackTeam "3Cs 2"]

1. d4 d5 2. Nf3 Nf6 3. c4 e6 4. Bg5 Nbd7 5. cxd5 exd5 6. e3 Be7 7. Nc3 O-O 8.
Bd3 c6 9. O-O Re8 10. Rb1 Nf8 11. Ne5 N6d7 12. Bxe7 Qxe7 13. Nf3 Ng6 14. Qc2
Nf6 15. Bf5 Ne4 16. Bxc8 Raxc8 17. Rbc1 Qe6 18. Qb3 Qd7 19. Rc2 Rb8 20. Na4 Qg4
21. h3 Qh5 22. Nc5 Ng5 23. Nxg5 Qxg5 24. f4 Qg3 25. Re2 Nh4 26. Nd7 Rbd8 27.
Ne5 Re7 28. Nf3 Nf5 29. Ne5 f6 30. Rf3 Qh4 31. g4 fxe5 32. gxf5 exf4 33. e4 Kf8
34. e5 Qg5+ 35. Kf1 Qxf5 36. Rxf4 Qxf4+ 37. Rf2 Rf7 38. Rxf4 Rxf4+ 39. Kg2 Rd7
40. Qa3+ Kf7 41. Qxa7 Re4 42. b4 Kg6 43. b5 Rf4 1/2-1/2

[Event "4NCL Division 3 North"]
[Site "Bolton, ENG"]
[Date "2018.11.10"]
[Round "1.44"]
[White "Taylor, Mike"]
[Black "Grobler, David"]
[Result "1/2-1/2"]
[WhiteElo "1937"]
[BlackElo "1666"]
[PlyCount "74"]
[EventDate "2018.11.10"]
[WhiteTeam "3Cs 2"]
[BlackTeam "Bradford DCA Knights C"]

1. d4 Nf6 2. c4 g6 3. Nc3 d5 4. cxd5 Nxd5 5. e4 Nxc3 6. bxc3 Bg7 7. Be3 O-O 8.
Qd2 c5 9. Nf3 Nc6 10. d5 Qa5 11. Rc1 Ne5 12. Nxe5 Bxe5 13. f4 Bg7 14. Be2 b6
15. O-O Ba6 16. Bxa6 Qxa6 17. c4 Rad8 18. Qc2 e6 19. Rcd1 exd5 20. exd5 Rfe8
21. Rf3 Re7 22. f5 Rde8 23. d6 Rd7 24. f6 Bxf6 25. Rxf6 Rxe3 26. Qd2 Re4 27.
Rxf7 Rxf7 28. d7 Rxd7 29. Qxd7 Qxc4 30. Qxa7 Rd4 31. Qb8+ Kg7 32. Rf1 Kh6 33.
Qxb6 Qd5 34. Qf6 Qd6 35. Qf3 Rd3 36. Qf4+ Qxf4 37. Rxf4 Rd1+ 1/2-1/2

[Event "4NCL Division 3 North"]
[Site "Bolton, ENG"]
[Date "2018.11.10"]
[Round "1.51"]
[White "Phillips, David A"]
[Black "Cooper, Gavyn"]
[Result "0-1"]
[WhiteElo "2029"]
[BlackElo "2147"]
[PlyCount "96"]
[EventDate "2018.11.10"]
[WhiteTeam "Spirit of Atticus B"]
[BlackTeam "Shropshire 1"]

1. Nf3 d6 2. g3 e5 3. d3 f5 4. Bg2 Nf6 5. Nc3 Be7 6. O-O O-O 7. Bg5 c6 8. e4 h6
9. Bxf6 Bxf6 10. d4 Qb6 11. dxe5 dxe5 12. Qd3 f4 13. Qc4+ Kh8 14. Na4 Qc7 15.
Nc3 g5 16. Rfd1 Qe7 17. Qd3 Na6 18. Qd6 Qg7 19. Kh1 Bg4 20. Rg1 Rad8 21. Qa3
fxg3 22. Nd1 Be7 23. Qc3 Bb4 24. Qb3 Qf6 25. Nxe5 Qxe5 26. fxg3 Bc5 27. Re1 b5
28. Ne3 Be6 29. c4 Nb4 30. Nd5 bxc4 31. Qxc4 cxd5 32. exd5 Bxd5 33. Rxe5 Bxc4
34. Rxc5 Bd5 35. Bxd5 Nxd5 36. Re1 Rf7 37. Re6 Kg7 38. Rcc6 Rf6 39. Rxf6 Nxf6
40. Ra6 Rd7 41. b4 g4 42. a4 Nd5 43. b5 Ne3 44. h3 Rd1+ 45. Kh2 Rd2+ 46. Kh1
gxh3 47. Rxa7+ Kg6 48. Ra8 Ng4 0-1

[Event "4NCL Division 3 North"]
[Site "Bolton, ENG"]
[Date "2018.11.10"]
[Round "1.52"]
[White "Bryant, Richard B E"]
[Black "Bimpson, Tom"]
[Result "1-0"]
[WhiteElo "2005"]
[BlackElo "2023"]
[PlyCount "55"]
[EventDate "2018.11.10"]
[WhiteTeam "Shropshire 1"]
[BlackTeam "Spirit of Atticus B"]

1. e4 d6 2. d4 Nf6 3. Nc3 Nbd7 4. f4 e5 5. fxe5 dxe5 6. d5 Bb4 7. Qf3 Nc5 8.
Bb5+ Bd7 9. Bxd7+ Qxd7 10. Bd2 Bxc3 11. Qxc3 O-O 12. Qxc5 Nxe4 13. Qc4 Nxd2 14.
Kxd2 c6 15. Rd1 cxd5 16. Qb3 Qg4 17. Kc1 e4 18. Qg3 Qe6 19. Ne2 Qa6 20. Nc3
Rad8 21. Qe5 Rfe8 22. Rxd5 Rc8 23. Qd4 Rxc3 24. bxc3 Qxa2 25. Rd8 Qa1+ 26. Kd2
e3+ 27. Ke2 Qa6+ 28. c4 1-0

[Event "4NCL Division 3 North"]
[Site "Bolton, ENG"]
[Date "2018.11.10"]
[Round "1.53"]
[White "McDonagh, Michael"]
[Black "Whyte, Brian G"]
[Result "1/2-1/2"]
[WhiteElo "1894"]
[BlackElo "2080"]
[PlyCount "70"]
[EventDate "2018.11.10"]
[WhiteTeam "Spirit of Atticus B"]
[BlackTeam "Shropshire 1"]

1. e4 e5 2. Bc4 Nf6 3. d3 c6 4. Nf3 Be7 5. O-O d6 6. Re1 O-O 7. Nbd2 Re8 8. Bb3
Bf8 9. Nf1 Be6 10. c3 Bxb3 11. Qxb3 Qc7 12. Ng3 g6 13. d4 Bg7 14. dxe5 dxe5 15.
h3 Nbd7 16. Be3 Nf8 17. a4 Ne6 18. Rad1 b6 19. Nd2 h5 20. Nf3 Red8 21. Rxd8+
Rxd8 22. Rd1 Rxd1+ 23. Qxd1 Nd7 24. Nf1 Ndc5 25. Qc2 Qd7 26. Ne1 Nf4 27. Bxc5
bxc5 28. Qd2 Qe6 29. Qc2 Qa2 30. Ne3 Bh6 31. Kf1 Qa1 32. b3 Ne6 33. Nc4 Nf4 34.
Qb2 Qd1 35. Qc2 Qa1 1/2-1/2

[Event "4NCL Division 3 North"]
[Site "Bolton, ENG"]
[Date "2018.11.10"]
[Round "1.54"]
[White "Gostelow, David W"]
[Black "Johnson, Michael D"]
[Result "1/2-1/2"]
[WhiteElo "1960"]
[BlackElo "1971"]
[PlyCount "30"]
[EventDate "2018.11.10"]
[WhiteTeam "Shropshire 1"]
[BlackTeam "Spirit of Atticus B"]

1. d4 Nf6 2. Bf4 d5 3. e3 Bf5 4. c4 c6 5. Qb3 Qb6 6. Nc3 dxc4 7. Bxc4 Qxb3 8.
Bxb3 e6 9. f3 Nd5 10. Bxd5 exd5 11. Nge2 Be7 12. Ng3 Bh4 13. O-O-O Bxg3 14.
Bxg3 O-O 15. Bf2 Nd7 1/2-1/2

[Event "4NCL Division 3 North"]
[Site "Bolton, ENG"]
[Date "2018.11.10"]
[Round "1.55"]
[White "Cooper, John G"]
[Black "Higgie, Charles L"]
[Result "1/2-1/2"]
[WhiteElo "1934"]
[BlackElo "1997"]
[PlyCount "53"]
[EventDate "2018.11.10"]
[WhiteTeam "Spirit of Atticus B"]
[BlackTeam "Shropshire 1"]

1. e4 c5 2. Nc3 Nc6 3. Bb5 Nd4 4. Bc4 g6 5. Nge2 Bg7 6. Nxd4 cxd4 7. Qf3 e6 8.
Ne2 Ne7 9. c3 Nc6 10. Nxd4 Nxd4 11. cxd4 Bxd4 12. O-O O-O 13. d3 f5 14. Qe2 Qf6
15. Rb1 f4 16. Qf3 Rb8 17. a4 a6 18. a5 b6 19. axb6 Rxb6 20. b3 d5 21. exd5 Bb7
22. b4 Qf5 23. Bb2 Bxb2 24. Rxb2 exd5 25. Ba2 Re8 26. h3 Kh8 27. Re2 1/2-1/2

[Event "4NCL Division 3 North"]
[Site "Bolton, ENG"]
[Date "2018.11.10"]
[Round "1.56"]
[White "Lewis, Christopher"]
[Black "Mort, Andrew J"]
[Result "1-0"]
[WhiteElo "1900"]
[BlackElo "1805"]
[PlyCount "43"]
[EventDate "2018.11.10"]
[WhiteTeam "Shropshire 1"]
[BlackTeam "Spirit of Atticus B"]

1. e4 c5 2. Nf3 Nc6 3. d4 cxd4 4. Nxd4 g6 5. Be3 Bg7 6. Nc3 Nf6 7. f3 O-O 8.
Qd2 d5 9. exd5 Nxd5 10. Nxc6 bxc6 11. Bd4 Bxd4 12. Qxd4 Qa5 13. Bc4 Qb4 14.
O-O-O Nxc3 15. Qxc3 Qb6 16. h4 Ba6 17. Bb3 Rad8 18. Rxd8 Rxd8 19. a3 Rd4 20. h5
g5 21. h6 c5 22. Qe3 1-0

[Event "4NCL Division 3 North"]
[Site "Bolton, ENG"]
[Date "2018.11.10"]
[Round "1.61"]
[White "Raghavendra, Mahima"]
[Black "Burnett, Jim"]
[Result "1/2-1/2"]
[WhiteElo "1885"]
[BlackElo "2140"]
[PlyCount "63"]
[EventDate "2018.11.10"]
[WhiteTeam "Manchester Manticores 3"]
[BlackTeam "White Rose 2"]

1. d4 d5 2. c4 e6 3. Nf3 c6 4. g3 Nf6 5. Bg2 Be7 6. O-O O-O 7. b3 Nbd7 8. Re1
b6 9. Nc3 Ba6 10. cxd5 cxd5 11. Bd2 Ba3 12. Qb1 Qe7 13. e4 dxe4 14. Nxe4 Bb7
15. Nxf6+ Nxf6 16. b4 a5 17. bxa5 bxa5 18. Re3 Bd5 19. Qd3 Bb4 20. a4 Rab8 21.
Ne5 Bxg2 22. Kxg2 Qb7+ 23. f3 Qd5 24. Re2 Rfc8 25. Rc1 Bxd2 26. Rxc8+ Rxc8 27.
Qxd2 Ne8 28. Ng4 Rd8 29. Re5 Qxd4 30. Qxd4 Rxd4 31. Rxa5 h5 32. Rxh5 1/2-1/2

[Event "4NCL Division 3 North"]
[Site "Bolton, ENG"]
[Date "2018.11.10"]
[Round "1.62"]
[White "Shaw, Peter"]
[Black "Timson, Paul F"]
[Result "1-0"]
[WhiteElo "2077"]
[BlackElo "1877"]
[PlyCount "67"]
[EventDate "2018.11.10"]
[WhiteTeam "White Rose 2"]
[BlackTeam "Manchester Manticores 3"]

1. d4 Nf6 2. c4 Nc6 3. Nf3 e6 4. Nc3 Bb4 5. Qc2 d5 6. e3 O-O 7. Bd2 b6 8. cxd5
exd5 9. Bd3 Re8 10. O-O Bg4 11. Bb5 Bd7 12. Nxd5 Bxd2 13. Nxf6+ Qxf6 14. Qxd2
a6 15. Be2 Rad8 16. Rfc1 Bg4 17. Rc3 h6 18. Rac1 Nb4 19. Rxc7 Nd5 20. R7c6 Qe7
21. Ne5 Bxe2 22. Qxe2 f6 23. Nd3 Qe4 24. Qd2 Ne7 25. Rxb6 Nf5 26. Nc5 Qg4 27.
Qd1 Qg5 28. Ne6 Rxe6 29. Rxe6 Nh4 30. g3 Qd5 31. gxh4 Qxe6 32. Qb3 Qxb3 33.
axb3 Rb8 34. Rc3 1-0

[Event "4NCL Division 3 North"]
[Site "Bolton, ENG"]
[Date "2018.11.10"]
[Round "1.64"]
[White "Li, Harry"]
[Black "Trueman, Glenn"]
[Result "1/2-1/2"]
[WhiteElo "2035"]
[BlackElo "1870"]
[PlyCount "36"]
[EventDate "2018.11.10"]
[WhiteTeam "White Rose 2"]
[BlackTeam "Manchester Manticores 3"]

1. d4 Nf6 2. c4 Nc6 3. Nf3 e6 4. Nc3 Bb4 5. Bg5 h6 6. Bh4 g5 7. Bg3 Ne4 8. Qd3
Bxc3+ 9. bxc3 Nxg3 10. hxg3 Qf6 11. e4 d6 12. Be2 e5 13. d5 Nb8 14. Nd2 Nd7 15.
Nb3 b6 16. Bg4 a5 17. Bxd7+ Bxd7 18. Nd2 Qg6 1/2-1/2

[Event "4NCL Division 3 North"]
[Site "Bolton, ENG"]
[Date "2018.11.10"]
[Round "1.65"]
[White "Collins, Richard A"]
[Black "Ho, Conrad"]
[Result "1-0"]
[WhiteElo "1900"]
[BlackElo "2067"]
[PlyCount "75"]
[EventDate "2018.11.10"]
[WhiteTeam "Manchester Manticores 3"]
[BlackTeam "White Rose 2"]

1. e4 c5 2. Nf3 e6 3. c4 d6 4. Nc3 Nf6 5. d4 cxd4 6. Nxd4 Be7 7. Be2 O-O 8. O-O
b6 9. Be3 Bb7 10. f3 a6 11. Rc1 Nbd7 12. Kh1 Rc8 13. Qd2 Qc7 14. Rfd1 Qb8 15.
b3 Rfe8 16. Bd3 Nc5 17. Nde2 Red8 18. Qe1 Ba8 19. Bb1 b5 20. cxb5 axb5 21. Nd4
b4 22. Nce2 d5 23. exd5 Nxd5 24. Bf2 Bg5 25. Nc6 Bxc6 26. Rxc5 Be7 27. Rcc1 Bd6
28. Bg3 Bxg3 29. hxg3 Bb5 30. Kh2 Bxe2 31. Qxe2 g6 32. Rxc8 Rxc8 33. Qe1 Qa7
34. Rd2 Nc3 35. Bd3 Nxa2 36. Qa1 Rc5 37. Bf5 Qe7 38. Rxa2 1-0

[Event "4NCL Division 3 North"]
[Site "Bolton, ENG"]
[Date "2018.11.10"]
[Round "1.66"]
[White "Edwards-Wright, Miles D"]
[Black "Potter, Steven"]
[Result "1-0"]
[WhiteElo "1918"]
[BlackElo "1892"]
[PlyCount "97"]
[EventDate "2018.11.10"]
[WhiteTeam "White Rose 2"]
[BlackTeam "Manchester Manticores 3"]

1. b3 e6 2. Bb2 Nf6 3. e3 g6 4. f4 Bg7 5. Nf3 b6 6. c4 Bb7 7. d4 O-O 8. Bd3 d5
9. Nc3 Ne4 10. Bxe4 dxe4 11. Ng5 h6 12. Ngxe4 Qh4+ 13. g3 Qh3 14. Qe2 f5 15.
Nf2 Qg2 16. Kd2 Na6 17. Rhg1 Qxh2 18. g4 c5 19. d5 exd5 20. Rh1 Qg2 21. Rag1 d4
22. Rxg2 dxc3+ 23. Bxc3 Bxg2 24. Rg1 Rad8+ 25. Kc2 Be4+ 26. Nxe4 fxe4 27. a3
Bxc3 28. Kxc3 Rd3+ 29. Kc2 Rfd8 30. Re1 Nb4+ 31. axb4 cxb4 32. Rc1 a5 33. Qe1
a4 34. bxa4 b3+ 35. Kb1 Rd2 36. Qh1 R8d3 37. Qxe4 Kg7 38. g5 h5 39. Qe7+ Kg8
40. Qe6+ Kh7 41. Qf7+ Kh8 42. Qf8+ Kh7 43. Qh6+ Kg8 44. Qxg6+ Kf8 45. Qxh5 b2
46. Rh1 Ra3 47. Qh8+ Ke7 48. Rh7+ Ke6 49. Qe5# 1-0

[Event "4NCL Division 3 North"]
[Site "Bolton, ENG"]
[Date "2018.11.10"]
[Round "1.71"]
[White "Tyton, Adam"]
[Black "Haslinger, Gareth J"]
[Result "0-1"]
[WhiteElo "1862"]
[BlackElo "2052"]
[PlyCount "70"]
[EventDate "2018.11.10"]
[WhiteTeam "Manchester Manticores 4"]
[BlackTeam "Manx Liberty 2"]

1. e4 d5 2. exd5 Qxd5 3. Nc3 Qa5 4. d4 Nf6 5. Be2 c6 6. Nf3 Bf5 7. O-O e6 8.
Bd2 Bb4 9. a3 Bxc3 10. Bxc3 Qc7 11. Re1 Nbd7 12. Bd3 Bxd3 13. Qxd3 O-O-O 14.
Qe2 Nb6 15. Bd2 Rhe8 16. a4 Nbd5 17. g3 Ne7 18. b4 Ng6 19. c4 h5 20. h4 Ng4 21.
b5 c5 22. Bc3 cxd4 23. Nxd4 Nxh4 24. a5 Nf5 25. Nxf5 exf5 26. Qf3 g6 27. Rec1
Qc5 28. a6 Re4 29. axb7+ Kxb7 30. Ra4 Rd3 31. Qg2 Kb8 32. Qf1 Rxg3+ 33. Kh1
Nxf2+ 34. Kh2 Rh4+ 35. Kxg3 Qe3+ 0-1

[Event "4NCL Division 3 North"]
[Site "Bolton, ENG"]
[Date "2018.11.10"]
[Round "1.72"]
[White "Fabri, Henrik"]
[Black "Lonsdale, Jon I"]
[Result "1/2-1/2"]
[WhiteElo "1921"]
[BlackElo "1862"]
[PlyCount "124"]
[EventDate "2018.11.10"]
[WhiteTeam "Manx Liberty 2"]
[BlackTeam "Manchester Manticores 4"]

1. d4 Nf6 2. Nf3 e6 3. Bg5 d6 4. e3 h6 5. Bh4 g5 6. Bg3 Nh5 7. Bd3 Bg7 8. c3
Qe7 9. Nbd2 Nd7 10. Qc2 a6 11. O-O-O b5 12. Nb3 Ndf6 13. e4 Nxg3 14. hxg3 e5
15. d5 O-O 16. Nh2 Bd7 17. Na5 Qe8 18. Be2 Qb8 19. Nc6 Bxc6 20. dxc6 Qb6 21.
Ng4 Nxg4 22. Bxg4 Qxc6 23. Bf5 a5 24. Rh5 a4 25. Rdh1 d5 26. exd5 Qxd5 27. Rxh6
Bxh6 28. Rxh6 Rfd8 29. Be6 Qd3 30. Qxd3 Rxd3 31. Bf5 Rd6 32. Rh5 f6 33. Rh1
Rad8 34. Rf1 Rd2 35. a3 c5 36. Bc2 Kg7 37. Be4 R2d6 38. Rh1 Rh8 39. Rxh8 Kxh8
40. Kc2 Kg8 41. Bf5 Kf8 42. Be4 Ke7 43. Bf5 Rd8 44. Bd3 Rb8 45. g4 Kd6 46. Kc1
Kc6 47. Bc2 Kb6 48. c4 Rd8 49. cxb5 Kxb5 50. Bd1 Rd4 51. Be2+ Kc6 52. Kc2 Rf4
53. f3 Rd4 54. Kc3 Kb6 55. Bd3 Rd8 56. Kc4 Rh8 57. Bc2 Ka5 58. b3 axb3 59. Bxb3
Rd8 60. Kxc5 Rd2 61. Bd5 Rxg2 62. Kd6 Rb2 1/2-1/2

[Event "4NCL Division 3 North"]
[Site "Bolton, ENG"]
[Date "2018.11.10"]
[Round "1.73"]
[White "Newell, David F"]
[Black "Akeya-Price, Robert"]
[Result "0-1"]
[WhiteElo "1817"]
[BlackElo "1773"]
[PlyCount "50"]
[EventDate "2018.11.10"]
[WhiteTeam "Manchester Manticores 4"]
[BlackTeam "Manx Liberty 2"]

1. Nf3 Nf6 2. c4 e6 3. b3 b6 4. g3 Bb7 5. Bg2 Be7 6. Bb2 O-O 7. O-O d5 8. e3 c5
9. Nc3 Nc6 10. cxd5 exd5 11. d4 Rc8 12. dxc5 bxc5 13. Rc1 Ba6 14. Re1 Qd7 15.
Bf1 Bxf1 16. Kxf1 Qh3+ 17. Kg1 Rfd8 18. Ne2 Ne4 19. Nf4 Qf5 20. Qe2 g5 21. Ng2
Rb8 22. Nd4 cxd4 23. Rxc6 d3 24. Qxd3 Qxf2+ 25. Kh1 Qxb2 0-1

[Event "4NCL Division 3 North"]
[Site "Bolton, ENG"]
[Date "2018.11.10"]
[Round "1.74"]
[White "Haslinger, J Mike"]
[Black "Livesey, R Nigel"]
[Result "0-1"]
[WhiteElo "1775"]
[BlackElo "1772"]
[PlyCount "92"]
[EventDate "2018.11.10"]
[WhiteTeam "Manx Liberty 2"]
[BlackTeam "Manchester Manticores 4"]

1. d4 e6 2. Nf3 f5 3. g3 Nf6 4. Bg2 d5 5. O-O Bd6 6. b3 Qe7 7. Bb2 O-O 8. c4 c6
9. Qc1 Bd7 10. Ba3 Be8 11. Bxd6 Qxd6 12. c5 Qe7 13. Nbd2 Bh5 14. Re1 Nbd7 15.
b4 h6 16. Ne5 Nxe5 17. dxe5 Nd7 18. f4 Rfc8 19. Nb3 b6 20. cxb6 axb6 21. Qd2 c5
22. bxc5 bxc5 23. a4 Rcb8 24. Reb1 Nb6 25. Na5 Be8 26. Rxb6 Rxb6 27. Bxd5 Rd8
28. Bxe6+ Rxe6 29. Qc2 Qd7 30. e3 Qd5 31. Qc4 Qxc4 32. Nxc4 Ra6 33. a5 Bb5 34.
Nd6 Raxd6 35. exd6 Rxd6 36. Rb1 Ba6 37. h3 c4 38. Kf2 c3 39. Ke1 c2 40. Rc1
Rd1+ 41. Rxd1 cxd1=Q+ 42. Kxd1 Kf7 43. g4 g6 44. Kd2 Ke6 45. Kc3 Kd5 46. g5 h5
0-1

[Event "4NCL Division 3 North"]
[Site "Bolton, ENG"]
[Date "2018.11.10"]
[Round "1.75"]
[White "Grindrod, John"]
[Black "Costello, John"]
[Result "1/2-1/2"]
[WhiteElo "1735"]
[BlackElo "1733"]
[PlyCount "38"]
[EventDate "2018.11.10"]
[WhiteTeam "Manchester Manticores 4"]
[BlackTeam "Manx Liberty 2"]

1. c4 Nf6 2. Nc3 d5 3. cxd5 Nxd5 4. Nf3 Nxc3 5. bxc3 g6 6. g3 Bg7 7. Bg2 O-O 8.
O-O Nc6 9. Bb2 e5 10. d3 Rb8 11. Rb1 Re8 12. Nd2 Bd7 13. Ba1 b6 14. e3 Na5 15.
Nb3 Nxb3 16. axb3 c5 17. Re1 Bf5 18. Bf1 Qd7 19. e4 Bg4 1/2-1/2

[Event "4NCL Division 3 North"]
[Site "Bolton, ENG"]
[Date "2018.11.10"]
[Round "1.76"]
[White "Woodard, Brian"]
[Black "Pardoe, David"]
[Result "1/2-1/2"]
[WhiteElo "1658"]
[BlackElo "1705"]
[PlyCount "59"]
[EventDate "2018.11.10"]
[WhiteTeam "Manx Liberty 2"]
[BlackTeam "Manchester Manticores 4"]

1. d4 e6 2. Bf4 Nf6 3. Nf3 d5 4. c3 Bd6 5. Bg3 Bxg3 6. hxg3 Nbd7 7. e3 a6 8.
Nbd2 c5 9. Be2 b5 10. a3 Qc7 11. Rc1 Bb7 12. b4 c4 13. Ra1 O-O 14. Qc2 e5 15.
dxe5 Nxe5 16. Nxe5 Qxe5 17. Rh4 Ne4 18. Nxe4 dxe4 19. f4 Qe6 20. Kf2 Rad8 21.
Rd1 h6 22. Rhh1 f5 23. Rxd8 Rxd8 24. Rd1 Qf6 25. Rxd8+ Qxd8 26. Qd1 Qxd1 27.
Bxd1 Kf7 28. a4 Kf6 29. axb5 axb5 30. g4 1/2-1/2